Forensic accounting and fraud examination / (Record no. 512)
| 000 -LEADER | |
|---|---|
| fixed length control field | 01857cam a2200313 a 4500 |
| 001 - CONTROL NUMBER | |
| control field | 16609830 |
| 005 - DATE AND TIME OF LATEST TRANSACTION | |
| control field | 20140116120830.0 |
| 008 - FIXED-LENGTH DATA ELEMENTS--GENERAL INFORMATION | |
| fixed length control field | 110113s2012 nyua 001 0 eng |
| 010 ## - LIBRARY OF CONGRESS CONTROL NUMBER | |
| LC control number | 2011001151 |
| 020 ## - INTERNATIONAL STANDARD BOOK NUMBER | |
| International Standard Book Number | 9780071289320 |
| 040 ## - CATALOGING SOURCE | |
| Original cataloging agency | DLC |
| Transcribing agency | DLC |
| Modifying agency | DLC |
| 042 ## - AUTHENTICATION CODE | |
| Authentication code | pcc |
| 043 ## - GEOGRAPHIC AREA CODE | |
| Geographic area code | n-us--- |
| 050 00 - LIBRARY OF CONGRESS CALL NUMBER | |
| Classification number | KF8968.15.H67 2011 |
| 100 1# - MAIN ENTRY--PERSONAL NAME | |
| Personal name | Hopwood, William S. |
| 245 10 - TITLE STATEMENT | |
| Title | Forensic accounting and fraud examination / |
| Statement of responsibility, etc | William S. Hopwood, Jay J. Leiner, George R. Young. |
| 250 ## - EDITION STATEMENT | |
| Edition statement | 2nd ed. |
| 260 ## - PUBLICATION, DISTRIBUTION, ETC. (IMPRINT) | |
| Place of publication, distribution, etc | New York : |
| Name of publisher, distributor, etc | McGraw-Hill, |
| Date of publication, distribution, etc | 2011. |
| 300 ## - PHYSICAL DESCRIPTION | |
| Extent | xv, 656 p. : |
| Other physical details | ill. |
| 500 ## - GENERAL NOTE | |
| General note | Includes index. |
| 505 0# - FORMATTED CONTENTS NOTE | |
| Formatted contents note | The forensic accounting legal environment -- Fundamentals I : accounting information systems -- Fundamentals II : the auditing environment -- Fraud prevention and risk management -- Fraud detection -- The fraud investigation and engagement processes -- The evidence collection process -- Fraud examination evidence I : physical, documentary, and observational evidence -- Fraud examination evidence II : interview and interrogation methods -- Fraud examination evidence III : forensic science and computer forensics -- The fraud report, litigation, and the recovery process -- Employee, vendor, and other frauds against the organization -- Financial statement fraud -- Fraud and SOX compliance -- Tax fraud -- Bankruptcy, divorce, and identity theft -- Organized crime, counterterrorism, and anti-money laundering -- Business valuation -- Dispute resolution services. |
| 650 #0 - SUBJECT ADDED ENTRY--TOPICAL TERM | |
| Topical term or geographic name as entry element | Forensic accounting |
| Geographic subdivision | United States. |
| 650 #0 - SUBJECT ADDED ENTRY--TOPICAL TERM | |
| Topical term or geographic name as entry element | Forensic accounting. |
| 700 1# - ADDED ENTRY--PERSONAL NAME | |
| Personal name | Leiner, Jay J. |
| 700 1# - ADDED ENTRY--PERSONAL NAME | |
| Personal name | Young, George R. |
| 906 ## - LOCAL DATA ELEMENT F, LDF (RLIN) | |
| a | 7 |
| b | cbc |
| c | orignew |
| d | 1 |
| e | ecip |
| f | 20 |
| g | y-gencatlg |
| 942 ## - ADDED ENTRY ELEMENTS (KOHA) | |
| Source of classification or shelving scheme | |
| Item type | Book |
| Withdrawn status | Lost status | Source of classification or shelving scheme | Damaged status | Not for loan | Home library | Current library | Shelving location | Date acquired | Source of acquisition | Total Checkouts | Full call number | Barcode | Date last seen | Copy number | Price effective from | Koha item type | Date last borrowed |
|---|---|---|---|---|---|---|---|---|---|---|---|---|---|---|---|---|---|
| Riara University Library | Riara University Library | General stack | 22/10/2011 | Purchase | KF8968.15.H67 2011 | 2803/11 | 22/10/2011 | C.1 | 22/10/2011 | Book | |||||||
| Riara University Library | Riara University Library | General stack | 22/10/2011 | Purchase | KF8968.15.H67 2011 | 2804/11 | 22/10/2011 | C.2 | 22/10/2011 | Book | |||||||
| Riara University Library | Riara University Library | General stack | 22/10/2011 | Purchase | 1 | KF8968.15.H67 2011 | 2802/11 | 17/05/2016 | C.3 | 22/10/2011 | Book | 10/05/2016 |
